Normal view
MARC view
- Sewing
Entry Topical Term
001 - CONTROL NUMBER
- control field: 88794
003 - CONTROL NUMBER IDENTIFIER
- control field: NUST
005 - DATE AND TIME OF LATEST TRANSACTION
- control field: 20220204141914.0
008 - FIXED-LENGTH DATA ELEMENTS
- fixed length control field: 220204|| aca||aabn | a|a d
040 ## - CATALOGING SOURCE
- Original cataloging agency: NUST
- Transcribing agency: NUST
150 ## - HEADING--TOPICAL TERM
- Topical term or geographic name entry element: Sewing
670 ## - SOURCE DATA FOUND
- Source citation: Work cat.: (NUST)587630: Sleigh-Johnson, Ruth 88793, Practical Sewing Techniques, 2011.
